000 00613nam a2200229Ia 4500
003 OSt
005 20221007071255.0
006 a|||||r|||| 00| 0
007 ta
008 221006b |||||||| |||| 00| 0 eng d
024 _a23,775
037 _cTextual
040 _aFLL
_cFLL
_beng
041 _2eng
_aeng
082 _aZ3:4, J4
100 _aJames Philip S.
_9688435
245 0 _aGeneral principles of the law of torts
260 _aLondon
_bButterworth & Co. Ltd. UK
_c1959
300 _axcviii,385p
_ccm.
942 _hZ3:4, J4
_cTEXL
_2CC
999 _c1142921
_d1142921